| 000 | 00720nam a22001817a 4500 | ||
|---|---|---|---|
| 003 | JO-AjAnu | ||
| 005 | 20240709104219.0 | ||
| 008 | 240707b jo ||||| |||| 00| 0 ara d | ||
| 040 |
_aJO-AjAnu _bENG _cJO-AjAnu |
||
| 041 | _hENG | ||
| 100 | 0 |
_aALJabali, Momen Jaber Hasan _ePrepared _966035 |
|
| 245 |
_aMixed Convection in Casson Hybrid Nanofluid Flow over an Inclined Plate / _cPrepared Momen Jaber Hasan ALjabali - Supervisor Hamzeh Taha Alkasasbeh |
||
| 260 | _c2024 | ||
| 300 | _a69 paper | ||
| 500 | _aUniversity thesis (Master’s thesis in mathematics), Ajloun National University (Ajloun, Jordan), College of Science, 2024 | ||
| 700 | 0 |
_aAlkasasbeh, Hamzeh Taha _eSupervisor _966037 |
|
| 942 |
_2lcc _cTHS _n0 |
||
| 999 |
_c33571 _d33571 |
||